<?xml version="1.0" encoding="UTF-8"?>
<record
    xmlns:xsi="http://www.w3.org/2001/XMLSchema-instance"
    xsi:schemaLocation="http://www.loc.gov/MARC21/slim http://www.loc.gov/standards/marcxml/schema/MARC21slim.xsd"
    xmlns="http://www.loc.gov/MARC21/slim">

  <leader>00831nam a22001577a 4500</leader>
  <controlfield tag="003">OSt</controlfield>
  <controlfield tag="005">20160627104557.0</controlfield>
  <controlfield tag="008">160627b        xxu||||| |||| 00| 0 eng d</controlfield>
  <datafield tag="040" ind1=" " ind2=" ">
    <subfield code="c">RUA</subfield>
  </datafield>
  <datafield tag="082" ind1=" " ind2=" ">
    <subfield code="a">VEM SOR 2015 B481 Or.1</subfield>
  </datafield>
  <datafield tag="100" ind1=" " ind2=" ">
    <subfield code="9">8503</subfield>
    <subfield code="a">SORN PHEAROT; &#x179F;&#x1793; &#x1797;&#x17B6;&#x179A;&#x17BB;&#x178E;</subfield>
  </datafield>
  <datafield tag="245" ind1=" " ind2=" ">
    <subfield code="a">Effective of surmox-col forte and vet-moxcolon diarrhea of avian-broiler in sok nak's farm at somrongtong district, kompongspeu province, &#x1794;&#x17D2;&#x179A;&#x179F;&#x17B7;&#x1791;&#x17D2;&#x1792;&#x1797;&#x17B6;&#x1796;&#x17B1;&#x179F;&#x1790; surmox-col forte &#x1793;&#x17B7;&#x1784; vet-moxcol &#x1791;&#x17C5;&#x179B;&#x17BE;&#x1787;&#x17C6;&#x1784;&#x17BA;&#x179A;&#x17B6;&#x1780;&#x1798;&#x17B6;&#x1793;&#x17CB;&#x179F;&#x17B6;&#x1785;&#x17CB;&#x1793;&#x17C5;&#x1780;&#x17D2;&#x1793;&#x17BB;&#x1784;&#x1780;&#x179F;&#x17B7;&#x178A;&#x17D2;&#x178B;&#x17B6;&#x1793;&#x179A;&#x1794;&#x179F;&#x17CB;&#x179B;&#x17C4;&#x1780; &#x179F;&#x17BB;&#x1781; &#x178E;&#x17B6;&#x1780;&#x17CB; &#x179F;&#x17D2;&#x179A;&#x17BB;&#x1780;&#x179F;&#x17C6;&#x179A;&#x17C4;&#x1784;&#x1791;&#x1784; &#x1781;&#x17C1;&#x178F;&#x17D2;&#x178F;&#x1780;&#x17C6;&#x1796;&#x1784;&#x17CB;&#x179F;&#x17D2;&#x1796;&#x17BA;</subfield>
  </datafield>
  <datafield tag="260" ind1=" " ind2=" ">
    <subfield code="a">Phnom Penh</subfield>
    <subfield code="b">RUA </subfield>
    <subfield code="c">2015</subfield>
  </datafield>
  <datafield tag="300" ind1=" " ind2=" ">
    <subfield code="a">x,46p.</subfield>
    <subfield code="b">ill.</subfield>
    <subfield code="c">29cm.</subfield>
  </datafield>
  <datafield tag="942" ind1=" " ind2=" ">
    <subfield code="2">ddc</subfield>
    <subfield code="c">VEM</subfield>
  </datafield>
  <datafield tag="999" ind1=" " ind2=" ">
    <subfield code="c">8151</subfield>
    <subfield code="d">8151</subfield>
  </datafield>
  <datafield tag="952" ind1=" " ind2=" ">
    <subfield code="0">0</subfield>
    <subfield code="1">0</subfield>
    <subfield code="2">ddc</subfield>
    <subfield code="4">0</subfield>
    <subfield code="6">VEM_SOR_2015_000000000000000_B481_OR_1</subfield>
    <subfield code="7">0</subfield>
    <subfield code="9">46542</subfield>
    <subfield code="a">LBB</subfield>
    <subfield code="b">LBB</subfield>
    <subfield code="c">B481</subfield>
    <subfield code="d">2016-06-27</subfield>
    <subfield code="o">VEM SOR 2015 B481 Or.1</subfield>
    <subfield code="p">RUA057894</subfield>
    <subfield code="r">2016-06-27</subfield>
    <subfield code="w">2016-06-27</subfield>
    <subfield code="y">VEM</subfield>
  </datafield>
  <datafield tag="952" ind1=" " ind2=" ">
    <subfield code="0">0</subfield>
    <subfield code="1">0</subfield>
    <subfield code="2">ddc</subfield>
    <subfield code="4">0</subfield>
    <subfield code="6">VEM_SOR_2015_000000000000000_B481_OR_2</subfield>
    <subfield code="7">0</subfield>
    <subfield code="9">46543</subfield>
    <subfield code="a">LBB</subfield>
    <subfield code="b">LBB</subfield>
    <subfield code="c">B481</subfield>
    <subfield code="d">2016-06-27</subfield>
    <subfield code="o">VEM SOR 2015 B481 Or.2</subfield>
    <subfield code="p">RUA057895</subfield>
    <subfield code="r">2016-06-27</subfield>
    <subfield code="w">2016-06-27</subfield>
    <subfield code="y">VEM</subfield>
  </datafield>
  <datafield tag="952" ind1=" " ind2=" ">
    <subfield code="0">0</subfield>
    <subfield code="1">0</subfield>
    <subfield code="2">ddc</subfield>
    <subfield code="4">0</subfield>
    <subfield code="6">VEM_SOR_2015_000000000000000_B481_OR_3</subfield>
    <subfield code="7">0</subfield>
    <subfield code="9">46544</subfield>
    <subfield code="a">LBB</subfield>
    <subfield code="b">LBB</subfield>
    <subfield code="c">B481</subfield>
    <subfield code="d">2016-06-27</subfield>
    <subfield code="o">VEM SOR 2015 B481 Or.3</subfield>
    <subfield code="p">RUA057715</subfield>
    <subfield code="r">2016-06-27</subfield>
    <subfield code="w">2016-06-27</subfield>
    <subfield code="y">VEM</subfield>
  </datafield>
  <datafield tag="952" ind1=" " ind2=" ">
    <subfield code="0">0</subfield>
    <subfield code="1">0</subfield>
    <subfield code="2">ddc</subfield>
    <subfield code="4">0</subfield>
    <subfield code="6">VEM_SOR_2015_000000000000000_B481_OR_4</subfield>
    <subfield code="7">0</subfield>
    <subfield code="9">46545</subfield>
    <subfield code="a">LBB</subfield>
    <subfield code="b">LBB</subfield>
    <subfield code="c">B481</subfield>
    <subfield code="d">2016-06-27</subfield>
    <subfield code="o">VEM SOR 2015 B481 Or.4</subfield>
    <subfield code="p">RUA057791</subfield>
    <subfield code="r">2016-06-27</subfield>
    <subfield code="w">2016-06-27</subfield>
    <subfield code="y">VEM</subfield>
  </datafield>
  <datafield tag="952" ind1=" " ind2=" ">
    <subfield code="0">0</subfield>
    <subfield code="1">0</subfield>
    <subfield code="2">ddc</subfield>
    <subfield code="4">0</subfield>
    <subfield code="6">VEM_SOR_2015_000000000000000_B481_OR_5</subfield>
    <subfield code="7">0</subfield>
    <subfield code="9">46546</subfield>
    <subfield code="a">LBB</subfield>
    <subfield code="b">LBB</subfield>
    <subfield code="c">B481</subfield>
    <subfield code="d">2016-06-27</subfield>
    <subfield code="l">1</subfield>
    <subfield code="o">VEM SOR 2015 B481 Or.5</subfield>
    <subfield code="p">RUA057851</subfield>
    <subfield code="r">2021-01-06</subfield>
    <subfield code="s">2020-12-23</subfield>
    <subfield code="w">2016-06-27</subfield>
    <subfield code="y">VEM</subfield>
  </datafield>
  <datafield tag="952" ind1=" " ind2=" ">
    <subfield code="0">0</subfield>
    <subfield code="1">0</subfield>
    <subfield code="2">ddc</subfield>
    <subfield code="4">0</subfield>
    <subfield code="6">VEM_SOR_2015_000000000000000_B481_OR_6</subfield>
    <subfield code="7">0</subfield>
    <subfield code="9">46547</subfield>
    <subfield code="a">LBB</subfield>
    <subfield code="b">LBB</subfield>
    <subfield code="c">B481</subfield>
    <subfield code="d">2016-06-27</subfield>
    <subfield code="o">VEM SOR 2015 B481 Or.6</subfield>
    <subfield code="p">RUA057904</subfield>
    <subfield code="r">2016-06-27</subfield>
    <subfield code="w">2016-06-27</subfield>
    <subfield code="y">VEM</subfield>
  </datafield>
  <datafield tag="952" ind1=" " ind2=" ">
    <subfield code="0">0</subfield>
    <subfield code="1">0</subfield>
    <subfield code="2">ddc</subfield>
    <subfield code="4">0</subfield>
    <subfield code="6">VEM_SOR_2015_000000000000000_B481_OR_7</subfield>
    <subfield code="7">0</subfield>
    <subfield code="9">46548</subfield>
    <subfield code="a">LBB</subfield>
    <subfield code="b">LBB</subfield>
    <subfield code="c">B481</subfield>
    <subfield code="d">2016-06-27</subfield>
    <subfield code="o">VEM SOR 2015 B481 Or.7</subfield>
    <subfield code="p">RUA057394</subfield>
    <subfield code="r">2016-06-27</subfield>
    <subfield code="w">2016-06-27</subfield>
    <subfield code="y">VEM</subfield>
  </datafield>
  <datafield tag="952" ind1=" " ind2=" ">
    <subfield code="0">0</subfield>
    <subfield code="1">0</subfield>
    <subfield code="2">ddc</subfield>
    <subfield code="4">0</subfield>
    <subfield code="6">VEM_SOR_2015_000000000000000_B481_OR_8</subfield>
    <subfield code="7">0</subfield>
    <subfield code="9">46549</subfield>
    <subfield code="a">LBB</subfield>
    <subfield code="b">LBB</subfield>
    <subfield code="c">B481</subfield>
    <subfield code="d">2016-06-27</subfield>
    <subfield code="o">VEM SOR 2015 B481 Or.8</subfield>
    <subfield code="p">RUA057970</subfield>
    <subfield code="r">2016-06-27</subfield>
    <subfield code="w">2016-06-27</subfield>
    <subfield code="y">VEM</subfield>
  </datafield>
  <datafield tag="952" ind1=" " ind2=" ">
    <subfield code="0">0</subfield>
    <subfield code="1">0</subfield>
    <subfield code="2">ddc</subfield>
    <subfield code="4">0</subfield>
    <subfield code="6">VEM_SOR_2015_000000000000000_B692_OR_1</subfield>
    <subfield code="7">0</subfield>
    <subfield code="9">87434</subfield>
    <subfield code="a">LBB</subfield>
    <subfield code="b">LBB</subfield>
    <subfield code="c">B692</subfield>
    <subfield code="d">2021-11-12</subfield>
    <subfield code="o">VEM SOR 2015 B692 Or.1</subfield>
    <subfield code="p">A066460</subfield>
    <subfield code="r">2021-11-12</subfield>
    <subfield code="w">2021-11-12</subfield>
    <subfield code="y">VEM</subfield>
  </datafield>
  <datafield tag="952" ind1=" " ind2=" ">
    <subfield code="0">0</subfield>
    <subfield code="1">0</subfield>
    <subfield code="2">ddc</subfield>
    <subfield code="4">0</subfield>
    <subfield code="6">VEM_SOR_2015_000000000000000_B692_OR_1</subfield>
    <subfield code="7">0</subfield>
    <subfield code="9">87435</subfield>
    <subfield code="a">LBB</subfield>
    <subfield code="b">LBB</subfield>
    <subfield code="c">B692</subfield>
    <subfield code="d">2021-11-12</subfield>
    <subfield code="l">3</subfield>
    <subfield code="o">VEM SOR 2015 B692 Or.1</subfield>
    <subfield code="p">A066518</subfield>
    <subfield code="r">2023-07-19</subfield>
    <subfield code="s">2023-07-05</subfield>
    <subfield code="w">2021-11-12</subfield>
    <subfield code="y">VEM</subfield>
  </datafield>
</record>
